[Event "SR 2. liga A 2005/2006"]
[Site "?"]
[Date "2005.11.26"]
[Round "15.6"]
[White "Samko, Karol"]
[Black "Deak, Gabriel"]
[Result "1/2-1/2"]
[WhiteElo "2039"]
[BlackElo "2038"]
[PlyCount "140"]
[EventDate "2005.??.??"]

1. e4 c5 2. Nf3 Nc6 3. d4 cxd4 4. Nxd4 Nf6 5. Nc3 e5 6. Ndb5 d6 7. Nd5 Nxd5 8.
exd5 Nb8 9. c4 Be7 10. Be2 O-O 11. O-O a6 12. Nc3 f5 13. Be3 f4 14. Bd2 Bf5 15.
Re1 Nd7 16. b4 Rf6 17. Bf1 Rg6 18. Qb3 Bh4 19. Ne4 Qb6 20. c5 dxc5 21. bxc5
Qxb3 22. axb3 Bxe4 23. Rxe4 Nxc5 24. Rb4 Be7 25. Re1 Bd6 26. Rb6 Bc7 27. Rxg6
hxg6 28. b4 Nd7 29. Bc4 Bd6 30. Bd3 Kf7 31. Rc1 Nf6 32. Bc4 Rc8 33. b5 axb5 34.
Bxb5 Rxc1+ 35. Bxc1 Nxd5 36. Kf1 Kf6 37. Bd7 Bc5 38. Bb2 b6 39. Ke2 Ne7 40. g3
fxg3 41. hxg3 Bd4 42. Ba3 Nf5 43. g4 Nh6 44. f3 Nf7 45. Kd3 Bg1 46. Kc4 e4 47.
Bb2+ Ke7 48. Bc6 e3 49. Kd3 Kd6 50. Be4 Ne5+ 51. Ke2 b5 52. Ba3+ Ke6 53. Bc5 g5
54. Kf1 Bf2 55. Ke2 Kd7 56. Bf8 g6 57. Bc5 Ke6 58. Bb4 Kd7 59. Bc5 Nc6 60. Bxg6
b4 61. Bf5+ Kc7 62. Bxe3 Bxe3 63. Kxe3 Kd6 64. f4 gxf4+ 65. Kxf4 Nd4 66. Bb1 b3
67. Ke3 Ke5 68. Kd3 Nb5 69. Kc4 Na3+ 70. Kxb3 Nxb1 1/2-1/2

[Event "SR 2. liga A 2005/2006"]
[Site "?"]
[Date "2005.11.26"]
[Round "15.7"]
[White "Vinarcik, Jan"]
[Black "Kasanicky, Robert"]
[Result "1/2-1/2"]
[WhiteElo "2046"]
[BlackElo "1980"]
[PlyCount "140"]
[EventDate "2005.??.??"]

1. e4 e5 2. Nf3 Nc6 3. Bb5 a6 4. Bxc6 dxc6 5. d4 exd4 6. Qxd4 Qxd4 7. Nxd4 c5
8. Ne2 Bd7 9. Nbc3 O-O-O 10. Bg5 f6 11. Be3 Bd6 12. O-O-O Ne7 13. Nf4 f5 14. f3
Rhe8 15. Nd3 c4 16. e5 cxd3 17. exd6 dxc2 18. Kxc2 cxd6 19. Rxd6 Kc7 20. Rhd1
Bc6 21. Bf4 Kc8 22. Bg3 Rf8 23. Be5 Rxd6 24. Rxd6 Rg8 25. Bd4 Kc7 26. Be5 Kc8
27. Rd2 g6 28. f4 Rd8 29. Bd6 Nd5 30. Nxd5 Rxd6 31. Ne3 Kc7 32. Rxd6 Kxd6 33.
Kc3 Kc5 34. g3 a5 35. a3 a4 36. h4 Bd7 37. Nc4 Be6 38. Ne5 Kd5 39. Kd3 Kc5 40.
Nf3 Bd5 41. Ne5 Be6 42. Kc3 Bb3 43. Nd7+ Kd6 44. Nf6 h6 45. Kd4 Ke6 46. Ne8 Kd7
47. Nf6+ Ke6 48. Nh7 Kd6 49. Nf6 Ke6 50. Nh7 Kd6 51. g4 fxg4 52. Nf6 h5 53.
Ne4+ Ke6 54. Nc5+ Kf5 55. Ke3 b5 56. Ne4 Bc4 57. Ng3+ Ke6 58. Kd4 Kd6 59. Ne4+
Ke6 60. Ng3 Kf6 61. Ke3 Bf7 62. Kd4 Ke6 63. Ke4 Be8 64. Kd4 Kd7 65. Ne4 Kc6 66.
Ng3 Bd7 67. Ne4 Bf5 68. Ng3 Kd6 69. Ne2 Kc6 70. Ng3 Kd6 1/2-1/2

[Event "SR 2. liga A 2005/2006"]
[Site "?"]
[Date "2005.11.26"]
[Round "15.8"]
[White "Bilovsky, Milan"]
[Black "Jelenciak, Jozef"]
[Result "1/2-1/2"]
[WhiteElo "1889"]
[BlackElo "1944"]
[PlyCount "109"]
[EventDate "2005.??.??"]

1. c4 f5 2. d4 Nf6 3. Nc3 c6 4. Bf4 e6 5. a3 d5 6. e3 Be7 7. Nf3 O-O 8. Bd3 Ne4
9. h3 Nd7 10. Ne5 Ndf6 11. O-O Bd7 12. Be2 Be8 13. c5 g5 14. Bh2 b6 15. Nxe4
Nxe4 16. f3 Nf6 17. b4 b5 18. a4 a6 19. axb5 axb5 20. Rxa8 Qxa8 21. Qa1 Bd7 22.
Qb2 Qb7 23. Ra1 Ra8 24. Ra3 Be8 25. g4 Nd7 26. Bd3 Nxe5 27. Bxe5 Rxa3 28. Qxa3
fxg4 29. hxg4 Bg6 30. Bxg6 hxg6 31. Qa5 Kf7 32. Kg2 Bf6 33. Qb6 Qd7 34. Qb8
Bxe5 35. dxe5 Kg7 36. Qd6 Qe8 37. Qc7+ Kg8 38. Kg3 Kh8 39. f4 Kg8 40. Qd6 Kg7
41. f5 gxf5 42. gxf5 exf5 43. Qf6+ Kh7 44. Qxf5+ Qg6 45. Kg4 Kh6 46. Qf8+ Kh7
47. Qf5 Kh6 48. Qf8+ Kh7 49. Qe7+ Kh6 50. Qd6 Kh7 51. e6 Qe4+ 52. Kxg5 Qg6+ 53.
Kh4 Qe4+ 54. Kg5 Qg6+ 55. Kh4 1/2-1/2

[Event "SR 2. liga A 2005/2006"]
[Site "?"]
[Date "2005.11.26"]
[Round "16.1"]
[White "Vlcek, Stanislav"]
[Black "Likavsky, Tomas"]
[Result "0-1"]
[WhiteElo "2238"]
[BlackElo "2514"]
[PlyCount "68"]
[EventDate "2005.??.??"]

1. e4 c5 2. Nf3 e6 3. d4 cxd4 4. Nxd4 a6 5. Bd3 Bc5 6. Nb3 Ba7 7. Qe2 Nc6 8.
Be3 Nge7 9. Nc3 d6 10. O-O-O b5 11. f4 b4 12. Na4 Bd7 13. Qf2 Nc8 14. e5 Nb8
15. Nac5 Bxc5 16. Nxc5 dxc5 17. Be4 Ra7 18. Bxc5 Rc7 19. Rd3 Rxc5 20. Qxc5 Qb6
21. Qc4 O-O 22. Bxh7+ Kxh7 23. Rh3+ Kg8 24. Qe4 f5 25. exf6 Rxf6 26. Qh7+ Kf8
27. Qh8+ Kf7 28. Rg3 Rg6 29. Qh5 Ne7 30. Rd1 Qf2 31. Kb1 Bc6 32. Qe5 Nd7 33.
Qc7 Rxg3 34. hxg3 Nf6 0-1

[Event "SR 2. liga A 2005/2006"]
[Site "?"]
[Date "2005.11.26"]
[Round "16.2"]
[White "Meszaros, Michal"]
[Black "Duriga, Stefan"]
[Result "1-0"]
[WhiteElo "2263"]
[BlackElo "2354"]
[PlyCount "49"]
[EventDate "2005.??.??"]

1. e4 d6 2. d4 Nf6 3. Nc3 g6 4. Be3 Bg7 5. h3 c6 6. f4 Qb6 7. a3 d5 8. e5 Ne4
9. Nxe4 dxe4 10. b3 f5 11. Ne2 a5 12. c4 e6 13. Nc3 O-O 14. Be2 Na6 15. O-O Kh8
16. Qd2 Qd8 17. Rfd1 Nc7 18. Rac1 Qe7 19. d5 exd5 20. cxd5 cxd5 21. Na4 Ne6 22.
Nb6 Rb8 23. Qxd5 Rd8 24. Qxa5 g5 25. Qa7 1-0

[Event "SR 2. liga A 2005/2006"]
[Site "?"]
[Date "2005.11.26"]
[Round "16.3"]
[White "Petrik, Karol"]
[Black "Gasa, Andrej"]
[Result "1/2-1/2"]
[WhiteElo "2230"]
[BlackElo "2212"]
[PlyCount "170"]
[EventDate "2005.??.??"]

1. d4 d5 2. Nf3 Nf6 3. Bg5 e6 4. Nbd2 Nbd7 5. c3 Be7 6. e3 O-O 7. Qc2 c5 8. Be2
a6 9. a4 b6 10. O-O Bb7 11. Rfe1 Qc7 12. Bd3 h6 13. Bh4 Rfe8 14. Qb1 Bd6 15.
Bg3 Bxg3 16. hxg3 e5 17. dxe5 Nxe5 18. Nxe5 Rxe5 19. Qd1 Re7 20. Rc1 Qd7 21. b4
Rae8 22. Nf3 Qc7 23. Qe2 Ra8 24. Qd2 Ne4 25. Qb2 Bc6 26. c4 dxc4 27. Rxc4 b5
28. Rcc1 c4 29. Bxe4 Rxe4 30. Red1 Ree8 31. axb5 axb5 32. Ra1 Bxf3 33. gxf3
Rxa1 34. Qxa1 Rd8 35. Rxd8+ Qxd8 36. Qe5 Qc8 37. Qc3 Qd7 38. Kg2 Qd6 39. Qa3
Qe5 40. Qa6 Qc7 41. Qxb5 c3 42. Qe8+ Kh7 43. Qe4+ Kg8 44. Qc2 Qc4 45. b5 Qb4
46. b6 Qb2 47. Qd3 c2 48. b7 c1=Q 49. Qd8+ Kh7 50. b8=Q Qxb8 51. Qxb8 Qc6 52.
Qf8 Qc4 53. Qe8 Qc7 54. g4 Qb7 55. Qe5 Qb3 56. e4 Qc4 57. f4 Qe2 58. Qf5+ Kg8
59. g5 hxg5 60. fxg5 g6 61. Qd5 Qg4+ 62. Kf1 Qf4 63. Ke1 Kg7 64. Qd7 Kg8 65.
Qd8+ Kg7 66. Qd4+ Kg8 67. Qe3 Qe5 68. f4 Qe6 69. Kf2 Qa2+ 70. Kg3 Qc2 71. Qf3
Qc1 72. Qe2 Qg1+ 73. Kf3 Qh1+ 74. Ke3 Qg1+ 75. Qf2 Qc1+ 76. Kf3 Qd1+ 77. Kg3
Qb1 78. Qe3 Kh7 79. Qe2 Qg1+ 80. Kf3 Qh1+ 81. Ke3 Qg1+ 82. Kd3 Qb1+ 83. Kc4
Qc1+ 84. Kd5 Qxf4 85. Qg2 Qc7 1/2-1/2

[Event "SR 2. liga A 2005/2006"]
[Site "?"]
[Date "2005.11.26"]
[Round "16.5"]
[White "Bronis, Marian"]
[Black "Pagerka, Martin"]
[Result "1/2-1/2"]
[WhiteElo "2133"]
[BlackElo "1858"]
[PlyCount "80"]
[EventDate "2005.??.??"]

1. d4 d6 2. c4 Nf6 3. Nc3 g6 4. e4 Nbd7 5. f4 c5 6. d5 Bg7 7. Nf3 O-O 8. Be2
Ne8 9. O-O Nc7 10. Kh1 Nf6 11. e5 Nd7 12. Ne4 dxe5 13. fxe5 Nxe5 14. Nxe5 Bxe5
15. Bh6 Bxb2 16. Bxf8 Bxa1 17. Qxa1 Qxf8 18. d6 Ne8 19. d7 Bxd7 20. Nxc5 Bf5
21. Nxb7 Rb8 22. Bf3 Qg7 23. Qe1 e5 24. Bd5 Nc7 25. Nd6 Nxd5 26. Nxf5 gxf5 27.
cxd5 f4 28. Qh4 f6 29. Qh3 Qf7 30. Rd1 Rd8 31. Qg4+ Kf8 32. Qf5 Ke7 33. Qe4 Ke8
34. h3 Qd7 35. Kh2 Rc8 36. d6 Rc6 37. Rb1 Rb6 38. Rxb6 axb6 39. Qa8+ Kf7 40.
Qb8 b5 1/2-1/2

[Event "SR 2. liga A 2005/2006"]
[Site "?"]
[Date "2005.11.26"]
[Round "16.6"]
[White "Diviak, Rudolf"]
[Black "Sukuba, Zdeno"]
[Result "1-0"]
[WhiteElo "1959"]
[BlackElo "2108"]
[PlyCount "111"]
[EventDate "2005.??.??"]

1. b4 a5 2. b5 c5 3. a4 d6 4. Bb2 e5 5. c4 Be6 6. e3 Nd7 7. d3 f5 8. Be2 Ngf6
9. Nd2 Be7 10. Bf3 Rb8 11. Qc2 O-O 12. Ne2 Kh8 13. g3 Qe8 14. Nb3 b6 15. Nd2 g5
16. Bc6 Qh5 17. h4 Ng4 18. hxg5 Qxg5 19. Nf3 Qg7 20. Nf4 Qf7 21. Qe2 Bf6 22.
Nxe6 Qxe6 23. Bd5 Qe7 24. Nh4 Bxh4 25. Rxh4 Ngf6 26. Bc6 Rg8 27. O-O-O Rg7 28.
Rdh1 Rbg8 29. Qf3 Qe6 30. Rh6 Rg6 31. Bd5 Qe7 32. Bxg8 Kxg8 33. Qxf5 Qf7 34.
Rxg6+ hxg6 35. Qh3 Kf8 36. Qh6+ Ke7 37. Qg5 e4 38. Kd2 exd3 39. Kxd3 d5 40.
Bxf6+ Nxf6 41. cxd5 Kd6 42. Rh6 c4+ 43. Kd4 Qe7 44. Qf4+ Kd7 45. d6 Qe6 46. e4
c3 47. Rxg6 Qxe4+ 48. Qxe4 Nxe4 49. Kd3 Nxf2+ 50. Kxc3 Ne4+ 51. Kd4 Nc5 52. Kd5
Kd8 53. Kc6 Ke8 54. d7+ Nxd7 55. Rg8+ Kf7 56. Kxd7 1-0

[Event "SR 2. liga A 2005/2006"]
[Site "?"]
[Date "2005.11.26"]
[Round "16.7"]
[White "Kebis, Milos"]
[Black "Pericka, Tomas"]
[Result "1-0"]
[WhiteElo "2054"]
[BlackElo "1945"]
[PlyCount "93"]
[EventDate "2005.??.??"]

1. d4 Nf6 2. Nf3 e6 3. c4 b6 4. a3 Bb7 5. Nc3 d5 6. cxd5 Nxd5 7. Qc2 c5 8. dxc5
Bxc5 9. Bg5 Be7 10. Bxe7 Qxe7 11. Rc1 O-O 12. Nxd5 Bxd5 13. g3 Qf6 14. Bg2 Nd7
15. O-O Nc5 16. b4 Ne4 17. Rfd1 a5 18. Rd4 axb4 19. axb4 Ra2 20. Qd3 Rd2 21.
Nxd2 Qxf2+ 22. Kh1 Nxg3+ 23. Qxg3 Qxd4 24. Qc3 Bxg2+ 25. Kxg2 Qg4+ 26. Kf1 Qf4+
27. Nf3 e5 28. Qd2 Qf5 29. Qg5 Qh3+ 30. Qg2 Qf5 31. Ke1 Qf4 32. Rb1 e4 33. Qg5
Qc7 34. Qe5 Qc2 35. Nd2 Rd8 36. Rd1 h6 37. Qxe4 Qc3 38. e3 Qc7 39. Nf3 Qc3+ 40.
Ke2 Rc8 41. Rd2 g6 42. h4 Rc4 43. Rd4 Qb2+ 44. Nd2 Rc1 45. h5 Qa1 46. hxg6 Re1+
47. Kf2 1-0

[Event "SR 2. liga A 2005/2006"]
[Site "?"]
[Date "2005.11.26"]
[Round "16.8"]
[White "Diviak, Rastislav"]
[Black "Povysil, Peter"]
[Result "1/2-1/2"]
[WhiteElo "1945"]
[BlackElo "2072"]
[PlyCount "52"]
[EventDate "2005.??.??"]

1. e4 c5 2. Nf3 Nc6 3. d4 cxd4 4. Nxd4 Nf6 5. Nc3 e5 6. Ndb5 d6 7. Bg5 a6 8.
Na3 Be6 9. Nd5 Bxd5 10. exd5 Qa5+ 11. c3 Qxd5 12. Bxf6 Qxd1+ 13. Rxd1 gxf6 14.
Nc4 Rd8 15. Ne3 Ne7 16. Bc4 f5 17. Nd5 Nxd5 18. Bxd5 Rd7 19. O-O Ke7 20. Rfe1
Kf6 21. c4 Be7 22. Rd3 Bd8 23. Rb3 b6 24. Rf3 Kg6 25. Rg3+ Kf6 26. Rf3 Kg6
1/2-1/2

[Event "SR 2. liga A 2005/2006"]
[Site "?"]
[Date "2005.11.26"]
[Round "17.1"]
[White "Sturc, Gustav"]
[Black "Kozinka, Roman"]
[Result "1/2-1/2"]
[WhiteElo "2103"]
[BlackElo "2037"]
[PlyCount "23"]
[EventDate "2005.??.??"]

1. e4 c5 2. c3 d5 3. exd5 Qxd5 4. d4 Nf6 5. Nf3 e6 6. Be2 Nc6 7. O-O Be7 8. Be3
cxd4 9. cxd4 Qa5 10. Nc3 Nb4 11. Ne5 O-O 12. Nc4 1/2-1/2

[Event "SR 2. liga A 2005/2006"]
[Site "?"]
[Date "2005.11.26"]
[Round "17.2"]
[White "Halas, Miroslav"]
[Black "Eged, Igor"]
[Result "1/2-1/2"]
[WhiteElo "2004"]
[BlackElo "2107"]
[PlyCount "82"]
[EventDate "2005.??.??"]

1. e4 e6 2. d4 d5 3. exd5 exd5 4. c4 Nf6 5. Nc3 c6 6. Bd3 Be7 7. Nge2 O-O 8.
O-O dxc4 9. Bxc4 Nbd7 10. Re1 Nb6 11. Bb3 Qc7 12. Bg5 Rd8 13. Qc2 Nfd5 14. Nxd5
Nxd5 15. Bxe7 Nxe7 16. Ng3 Ng6 17. h4 Nxh4 18. d5 Bd7 19. Qc4 Nf5 20. dxc6 Nd6
21. Qf4 Bxc6 22. Nf5 Rd7 23. Nxd6 Qxd6 24. Qxd6 Rxd6 25. Re7 Rf8 26. Rae1 Rd2
27. Rc7 Rd7 28. Re7 Rxe7 29. Rxe7 g6 30. a3 Kg7 31. Ba2 Kf6 32. Rc7 h5 33. b4
a6 34. f4 Be4 35. Kf2 h4 36. g3 h3 37. Kg1 Bg2 38. Bc4 g5 39. fxg5+ Kxg5 40.
Rxf7 Rd8 41. Rh7 Rd1+ 1/2-1/2

[Event "SR 2. liga A 2005/2006"]
[Site "?"]
[Date "2005.11.26"]
[Round "17.3"]
[White "Breja, Stanislav"]
[Black "Arendas, Marek"]
[Result "1/2-1/2"]
[WhiteElo "2091"]
[BlackElo "2111"]
[PlyCount "40"]
[EventDate "2005.??.??"]

1. e4 c5 2. c3 d5 3. exd5 Qxd5 4. d4 e5 5. dxe5 Qxe5+ 6. Be3 Nf6 7. Nf3 Qc7 8.
Bb5+ Bd7 9. Na3 Nc6 10. O-O Be7 11. Re1 O-O 12. Bg5 Rad8 13. Qc2 a6 14. Bd3 h6
15. Bh4 Bg4 16. Bg3 Bd6 17. Nc4 Bxg3 18. hxg3 Bxf3 19. gxf3 b5 20. Ne3 Ne5
1/2-1/2

[Event "SR 2. liga A 2005/2006"]
[Site "?"]
[Date "2005.11.26"]
[Round "17.4"]
[White "Stetina, Erik"]
[Black "Cambel, Vladimir"]
[Result "1-0"]
[WhiteElo "1871"]
[BlackElo "2080"]
[PlyCount "81"]
[EventDate "2005.??.??"]

1. e4 g6 2. d4 Bg7 3. f4 d6 4. Nc3 Nf6 5. Nf3 O-O 6. e5 Nfd7 7. h4 c5 8. h5
cxd4 9. hxg6 hxg6 10. Qxd4 Nc6 11. Qf2 Re8 12. Qh4 Nf8 13. f5 Nxe5 14. Bh6 Bf6
15. Bg5 Nxf3+ 16. gxf3 Bg7 17. O-O-O Bxf5 18. Nd5 Rc8 19. Bd3 Bxd3 20. Rxd3 f6
21. Bh6 Ne6 22. Bxg7 Nxg7 23. Qh7+ Kf7 24. Nf4 Rg8 25. Qxg6+ Kf8 26. Rh7 Qd7
27. Re3 Qe8 28. Rxg7 Qxg6 29. Rxg6 Rxg6 30. Nxg6+ Kf7 31. Nf4 Rc5 32. Nd3 Rh5
33. Kd2 e5 34. Re2 d5 35. Rf2 Ke6 36. Ke2 b6 37. Kd2 Rh3 38. Ke2 f5 39. Kd2 e4
40. fxe4 dxe4 41. Nf4+ 1-0

[Event "SR 2. liga A 2005/2006"]
[Site "?"]
[Date "2005.11.26"]
[Round "17.5"]
[White "Hanes, Mojmir"]
[Black "Hagara, Vladimir"]
[Result "1/2-1/2"]
[WhiteElo "2062"]
[BlackElo "1981"]
[PlyCount "53"]
[EventDate "2005.??.??"]

1. e4 e6 2. d4 d5 3. e5 c5 4. c3 Qb6 5. Nf3 Bd7 6. Be2 Bb5 7. O-O Bxe2 8. Qxe2
Ne7 9. dxc5 Qxc5 10. Nbd2 Ng6 11. Nb3 Qc7 12. h4 Nc6 13. Re1 Be7 14. h5 Nf8 15.
Nbd4 a6 16. Bf4 Nd7 17. Ng5 Bxg5 18. Bxg5 h6 19. Bf4 O-O-O 20. b4 Nxd4 21. cxd4
Qb6 22. Qd3 Qb5 23. Qb3 Nb6 24. a4 Qd7 25. Rec1+ Kb8 26. b5 a5 27. Rc3 1/2-1/2

[Event "SR 2. liga A 2005/2006"]
[Site "?"]
[Date "2005.11.26"]
[Round "17.6"]
[White "Klanica, Anton"]
[Black "Isa, Vlastimil"]
[Result "0-1"]
[WhiteElo "1917"]
[BlackElo "1974"]
[PlyCount "82"]
[EventDate "2005.??.??"]

1. e4 c5 2. Nf3 Nc6 3. c4 d6 4. Nc3 g6 5. d3 Bg7 6. Be3 Nf6 7. h3 O-O 8. Qd2
Re8 9. Be2 e6 10. Bg5 a6 11. O-O Qc7 12. Rab1 b6 13. Nh2 Bb7 14. Bh4 Nd4 15.
Bd1 b5 16. f3 b4 17. Ne2 Nxe2+ 18. Bxe2 e5 19. Bxf6 Bxf6 20. Ng4 Bg7 21. Kh1 f5
22. exf5 gxf5 23. Nf2 Re6 24. Qg5 Qf7 25. Nd1 Rg6 26. Qh5 Qf6 27. Ne3 Rf8 28.
g4 Rh6 29. g5 Rxh5 30. gxf6 Rxf6 31. Nd5 Bxd5 32. cxd5 Rxh3+ 33. Kg2 Rh4 34.
Rh1 Rd4 35. Kf2 Rxd5 36. Rbg1 Rg6 37. Rb1 Rd4 38. Rh5 Rf4 39. Bd1 h6 40. Bb3+
Kf8 41. a3 e4 0-1

[Event "SR 2. liga A 2005/2006"]
[Site "?"]
[Date "2005.11.26"]
[Round "17.7"]
[White "Zdrazil, Bohumir"]
[Black "Sturdik, Igor"]
[Result "0-1"]
[WhiteElo "1984"]
[BlackElo "2028"]
[PlyCount "90"]
[EventDate "2005.??.??"]

1. d4 Nf6 2. c4 c5 3. d5 e6 4. Nc3 exd5 5. cxd5 d6 6. e4 g6 7. Bd3 Bg7 8. Nf3
O-O 9. O-O Bg4 10. h3 Bxf3 11. Qxf3 a6 12. a4 Qc7 13. Qg3 Nbd7 14. f4 Rfe8 15.
Qf3 Rab8 16. a5 c4 17. Bc2 b5 18. axb6 Qxb6+ 19. Kh1 Nc5 20. Na4 Nxa4 21. Rxa4
Qb5 22. Ra3 Qb6 23. Re3 Qc7 24. Ree1 Nd7 25. Ba4 Re7 26. Bxd7 Qxd7 27. f5 Bxb2
28. fxg6 hxg6 29. Bxb2 Rxb2 30. Qf6 Re5 31. Rf4 Qe7 32. Ref1 c3 33. Qxf7+ Qxf7
34. Rxf7 c2 35. Rf8+ Kg7 36. Rc8 Rxe4 37. g4 Re3 38. Rc1 Re2 39. g5 Kf7 40.
Rc7+ Ke8 41. Rh7 Rb1 42. Rh8+ Kd7 43. Rh7+ Kc8 44. Rh8+ Kc7 45. Rh7+ Kb6 0-1

[Event "SR 2. liga A 2005/2006"]
[Site "?"]
[Date "2005.11.26"]
[Round "17.8"]
[White "Steinecker, Frantisek"]
[Black "Hricak, Vasil"]
[Result "1-0"]
[WhiteElo "1350"]
[BlackElo "2032"]
[PlyCount "129"]
[EventDate "2005.??.??"]

1. e4 e6 2. d4 d5 3. Nc3 dxe4 4. Nxe4 Nd7 5. Nf3 Ngf6 6. Ng3 Be7 7. Bd3 b6 8.
O-O Bb7 9. c3 O-O 10. Qe2 c5 11. Be3 Qc7 12. Ng5 h6 13. N5e4 Nxe4 14. Nxe4 f5
15. Ng3 Qc6 16. f3 f4 17. d5 exd5 18. Bxf4 Rxf4 19. Qxe7 Rf7 20. Qe2 Nf6 21.
Bg6 Rff8 22. Rae1 Bc8 23. Bc2 c4 24. Qe5 Bd7 25. Nf5 Bxf5 26. Bxf5 Rae8 27. Qd4
Rxe1 28. Rxe1 Re8 29. Re5 Kf7 30. Qe3 Rxe5 31. Qxe5 Qe8 32. Qc7+ Qe7 33. Bg6+
Kf8 34. Qc8+ Ne8 35. Qxe8+ Qxe8 36. Bxe8 Kxe8 37. Kf2 Kd7 38. Ke3 Ke6 39. Kd4
g6 40. g4 a6 41. f4 h5 42. h3 h4 43. a4 a5 44. Ke3 Kf6 45. Kf3 Ke6 46. Kf2 Kf6
47. Ke3 Ke6 48. Kd4 Kd6 49. f5 g5 50. f6 Ke6 51. f7 Kxf7 52. Kxd5 Kf6 53. Kd6
Kf7 54. Ke5 Ke7 55. Kf5 Kd6 56. Kxg5 Kc5 57. Kf4 b5 58. g5 bxa4 59. g6 a3 60.
bxa3 Kb5 61. g7 Ka4 62. g8=Q Kb3 63. Qg7 Kxa3 64. Qb7 a4 65. Qb4+ 1-0

[Event "SR 2. liga A 2005/2006"]
[Site "?"]
[Date "2005.11.26"]
[Round "18.1"]
[White "Polacik, Igor"]
[Black "Drtina, Milan"]
[Result "0-1"]
[WhiteElo "2056"]
[BlackElo "2259"]
[PlyCount "88"]
[EventDate "2005.??.??"]

1. e4 e5 2. Nc3 Bc5 3. Bc4 d6 4. d3 Nc6 5. Nd5 Be6 6. Nf3 h6 7. c3 a6 8. Be3
Bxe3 9. Nxe3 Bxc4 10. dxc4 Nge7 11. Nh4 O-O 12. Qh5 Kh7 13. O-O g6 14. Qg4 Ng8
15. g3 Qc8 16. Qf3 Nce7 17. g4 Qe6 18. Kh1 b5 19. c5 dxc5 20. Rg1 g5 21. Nhf5
Ng6 22. h4 f6 23. Rg2 Nf4 24. Rh2 Rad8 25. Ng2 c4 26. hxg5 fxg5 27. Nxf4 exf4
28. Kg1 Rd3 29. Qh1 Rfd8 30. Re1 Rd2 31. Rh5 Qb6 32. Qh2 Rd1 33. Kf1 Qe6 34. f3
R1d2 35. Re2 Rd1+ 36. Re1 Rxe1+ 37. Kxe1 Qg6 38. Ke2 Qf6 39. Qh1 Rd3 40. Ke1 b4
41. cxb4 c3 42. Ke2 Rd2+ 43. Ke1 Rxb2 44. Qh3 Qb6 0-1

[Event "SR 2. liga A 2005/2006"]
[Site "?"]
[Date "2005.11.26"]
[Round "18.2"]
[White "Jablonicky, Frantisek"]
[Black "Kubon, Kamil"]
[Result "1-0"]
[WhiteElo "2246"]
[BlackElo "2062"]
[PlyCount "61"]
[EventDate "2005.??.??"]

1. Nf3 d5 2. d4 Nf6 3. c4 e6 4. g3 Bd6 5. Bg2 Nbd7 6. Qc2 O-O 7. O-O b6 8. cxd5
exd5 9. Nc3 c6 10. e4 dxe4 11. Ng5 Ba6 12. Re1 Bd3 13. Qb3 b5 14. Ngxe4 Nxe4
15. Nxe4 Bc4 16. Qc2 Bb4 17. Bd2 Bxd2 18. Nxd2 Bd5 19. Bxd5 cxd5 20. Rac1 Nb6
21. b3 Rc8 22. Qd3 Qd7 23. Nf3 f6 24. Rc5 a6 25. Rec1 Rfe8 26. Kg2 Rxc5 27.
dxc5 Qc7 28. h4 Rd8 29. Nd4 Qc8 30. Nf5 Qc6 31. Ne7+ 1-0

[Event "SR 2. liga A 2005/2006"]
[Site "?"]
[Date "2005.11.26"]
[Round "18.3"]
[White "Magyar, Frantisek"]
[Black "Szitkey, Milan"]
[Result "0-1"]
[WhiteElo "1990"]
[BlackElo "2220"]
[PlyCount "82"]
[EventDate "2005.??.??"]

1. d4 Nf6 2. c4 e6 3. Nf3 b6 4. Nc3 Bb7 5. Bg5 Be7 6. e3 O-O 7. Be2 d5 8. O-O
Nbd7 9. Rc1 h6 10. Bxf6 Bxf6 11. cxd5 exd5 12. Qb3 c6 13. Rfd1 Re8 14. Bd3 Nf8
15. Ne2 Ne6 16. Ng3 Ng5 17. Nxg5 Bxg5 18. Bb1 g6 19. Nf1 Rc8 20. Nd2 Rc7 21.
Nf3 Bf6 22. Bd3 c5 23. dxc5 bxc5 24. Bc4 d4 25. exd4 Bxf3 26. Qxf3 Bxd4 27. b4
Re5 28. Rf1 cxb4 29. Qd3 Rf5 30. Qg3 Kg7 31. Qb3 a5 32. Rc2 Qf6 33. Bd3 Rfc5
34. Rxc5 Rxc5 35. Qd1 Rc8 36. Bc2 h5 37. Qe2 h4 38. h3 Qf4 39. Rd1 Qxf2+ 40.
Qxf2 Bxf2+ 41. Kxf2 Rxc2+ 0-1

[Event "SR 2. liga A 2005/2006"]
[Site "?"]
[Date "2005.11.26"]
[Round "18.4"]
[White "Felcir, Jaroslav"]
[Black "Vrba, Michal"]
[Result "1-0"]
[WhiteElo "2197"]
[BlackElo "1968"]
[PlyCount "77"]
[EventDate "2005.??.??"]

1. e4 d5 2. exd5 Qxd5 3. Nc3 Qa5 4. d4 c6 5. Nf3 Nf6 6. Bd2 Bf5 7. Be2 e6 8.
O-O Nbd7 9. Re1 Qc7 10. Nh4 Bg6 11. a3 Bd6 12. g3 O-O 13. f4 Qb6 14. Bc1 c5 15.
d5 Rac8 16. Nxg6 c4+ 17. Kg2 hxg6 18. dxe6 fxe6 19. Bf3 Bb8 20. Be3 Qa6 21. Bd4
Rce8 22. Ne4 Nxe4 23. Bxe4 e5 24. Bd5+ Kh8 25. Qg4 Nf6 26. Qh4+ Nh7 27. fxe5
Qa5 28. Bxc4 Bxe5 29. c3 Bxd4 30. Qxd4 Qf5 31. Rxe8 Qf3+ 32. Kg1 Rxe8 33. Rf1
Qc6 34. Bd5 Qb5 35. c4 Qb3 36. Rf7 Nf6 37. Rxf6 Re1+ 38. Kf2 Rh1 39. Qh4# 1-0

[Event "SR 2. liga A 2005/2006"]
[Site "?"]
[Date "2005.11.26"]
[Round "18.5"]
[White "Lutter, Ladislav"]
[Black "Minich, Peter"]
[Result "1-0"]
[WhiteElo "1961"]
[BlackElo "2197"]
[PlyCount "95"]
[EventDate "2005.??.??"]

1. d4 f5 2. Nf3 Nf6 3. c4 e6 4. a3 Be7 5. Nc3 O-O 6. e3 d6 7. Qc2 Nc6 8. Be2
Qe8 9. b4 Bd7 10. Bb2 d5 11. Nd2 Kh8 12. Bf3 Qf7 13. g3 Rae8 14. Ne2 Bd8 15. h4
Ne7 16. Nf4 c6 17. Nd3 Bc7 18. Ne5 Bxe5 19. dxe5 Ng4 20. h5 Nh6 21. Be2 Rc8 22.
c5 Ng4 23. Bd4 g5 24. hxg6 Qxg6 25. Nf3 Rg8 26. Nh4 Qg5 27. Bd3 Rcf8 28. O-O-O
Be8 29. Qe2 h5 30. f3 Nh6 31. Rdg1 Rf7 32. Rh3 Rh7 33. Rgh1 Qg7 34. Ng2 Bf7 35.
Nf4 Ra8 36. Nxh5 Bxh5 37. Rxh5 a5 38. b5 cxb5 39. Bxb5 Neg8 40. Bd3 Qxg3 41.
Bxf5 exf5 42. e6+ Rg7 43. Rxf5 Kh7 44. Bxg7 Kxg7 45. Rxd5 Nf6 46. Qb2 Rc8 47.
Rd7+ Kg6 48. Rxh6+ 1-0

[Event "SR 2. liga A 2005/2006"]
[Site "?"]
[Date "2005.11.26"]
[Round "18.6"]
[White "Doucha, Ludvik"]
[Black "Kucera, Michal"]
[Result "1/2-1/2"]
[WhiteElo "2123"]
[BlackElo "1988"]
[PlyCount "98"]
[EventDate "2005.??.??"]

1. e4 c5 2. c4 Nc6 3. Ne2 e6 4. Nbc3 d6 5. d4 cxd4 6. Nxd4 Be7 7. Be3 Nf6 8.
Be2 a6 9. O-O O-O 10. Qd2 Qc7 11. Rac1 Bd7 12. f3 Nxd4 13. Bxd4 Rac8 14. Rfd1
Qb8 15. c5 e5 16. cxd6 Qxd6 17. Be3 Qxd2 18. Rxd2 Be6 19. Rdc2 Bc5 20. Kf2
Bxe3+ 21. Kxe3 Rc7 22. b3 Rfc8 23. Bd3 Kf8 24. Kd2 h6 25. Na4 Rxc2+ 26. Rxc2
Rxc2+ 27. Kxc2 Nd7 28. Kc3 Ke7 29. Kb4 Kd6 30. Be2 Kc6 31. Ka5 Nc5 32. Nb2 b6+
33. Kb4 Kb7 34. Kc3 b5 35. b4 Nd7 36. a3 Kc6 37. a4 Nb6 38. a5 Nd7 39. Bd1 f6
40. h4 Bf7 41. g4 Kd6 42. Nd3 Bc4 43. Ne1 Nb8 44. Nc2 Nc6 45. h5 Be6 46. Be2
Kc7 47. Bf1 Kd6 48. Bd3 Kc7 49. Be2 Kd6 1/2-1/2

[Event "SR 2. liga A 2005/2006"]
[Site "?"]
[Date "2005.11.26"]
[Round "18.7"]
[White "Priam, Stefan"]
[Black "Puchart, Vladimir"]
[Result "0-1"]
[WhiteElo "1887"]
[BlackElo "2104"]
[PlyCount "94"]
[EventDate "2005.??.??"]

1. d4 Nf6 2. c4 e6 3. Nc3 d5 4. cxd5 exd5 5. Nf3 Be7 6. e3 O-O 7. Bd3 c5 8.
dxc5 Nbd7 9. b4 a5 10. Qa4 b6 11. Qc6 Rb8 12. Nxd5 bxc5 13. Nxe7+ Qxe7 14. b5
Ne5 15. Nxe5 Qxe5 16. Rb1 Bb7 17. Bb2 Qxb2 18. Qxc5 Qxa2 19. O-O Ne4 20. Bxe4
Bxe4 21. Ra1 Qe2 22. b6 Rbd8 23. Qxa5 Rd5 24. Qb4 Qg4 25. f3 Bxf3 26. Qxg4 Bxg4
27. Rfb1 Rb8 28. b7 Kf8 29. Ra8 Rdd8 30. Rb4 Bd7 31. Rd4 Ke7 32. Ra7 Bc6 33.
Rc4 Rxb7 34. Ra1 Bd5 35. Rd4 Be6 36. Kf2 Rxd4 37. exd4 Rb2+ 38. Kg3 Bd5 39.
Ra7+ Kd6 40. Kf4 Rxg2 41. Ra6+ Bc6 42. h4 h5 43. d5 Rg4+ 44. Kf5 Kxd5 45. Ra7
Kd6 46. Ra6 f6 47. Rb6 Kc5 0-1

[Event "SR 2. liga A 2005/2006"]
[Site "?"]
[Date "2005.11.27"]
[Round "19.1"]
[White "Rohacek, Miroslav"]
[Black "Tepper, Frantisek"]
[Result "1-0"]
[WhiteElo "2233"]
[BlackElo "2216"]
[PlyCount "91"]
[EventDate "2005.??.??"]

1. c4 Nf6 2. Nc3 e5 3. g3 Bb4 4. Bg2 O-O 5. Qb3 Na6 6. d3 Re8 7. a3 Bf8 8. e3
c6 9. Nge2 Nc7 10. d4 exd4 11. Nxd4 d5 12. cxd5 Ncxd5 13. O-O Nxc3 14. Qxc3 c5
15. Ne2 Rb8 16. Qc2 b6 17. e4 Bb7 18. Bf4 Ra8 19. Nc3 Nh5 20. Rad1 Qe7 21. Bd2
Nf6 22. Rfe1 Red8 23. Bf1 Qe6 24. b3 Qg4 25. h3 Qg6 26. Qb1 Re8 27. e5 Qxb1 28.
Nxb1 Nd5 29. Bg2 Rab8 30. Bg5 Ne7 31. Nc3 Bxg2 32. Kxg2 Nc6 33. Rd7 h6 34. Bf4
g5 35. e6 fxe6 36. Bxb8 Nxb8 37. Rxa7 Bg7 38. Nb5 e5 39. Rb7 Nc6 40. Rxb6 Nd4
41. Nxd4 cxd4 42. Kf3 Rf8+ 43. Ke4 Rxf2 44. Rb1 Re2+ 45. Kf5 Kh7 46. Rb7 1-0